Statistics for Countries that voted against condemning Iran at least once (2017-2023)

Click here to take the quiz!

General Stats

  • This quiz has been taken 9 times
  • The average score is 30 of 41

Answer Stats

HintAnswer% Correct
Iraq
100%
North Korea
100%
Afghanistan
88%
Armenia
88%
China
88%
India
88%
Indonesia
88%
Kazakhstan
88%
Kyrgyzstan
88%
Pakistan
88%
Russia
88%
Syria
88%
Tajikistan
88%
Uzbekistan
88%
Venezuela
88%
Vietnam
88%
Algeria
75%
Azerbaijan
75%
Belarus
75%
Cambodia
75%
Cuba
75%
Eritrea
75%
Lebanon
75%
Myanmar
75%
Niger
75%
Turkmenistan
75%
Zimbabwe
75%
Bangladesh
63%
Brunei
63%
IranIran
63%
Mali
63%
Nicaragua
63%
Oman
63%
Philippines
63%
Sri Lanka
63%
Bolivia
50%
Uganda
50%
Burkina Faso
38%
Burundi
38%
Serbia
38%
South Africa
38%

Score Distribution

Percentile by Number Answered

Percent of People with Each Score

Your Score History

You have not taken this quiz